| 000 | 00633nam a2200193 a 4500 | ||
|---|---|---|---|
| 001 | 000005363 | ||
| 005 | 20200929151644.0 | ||
| 008 | 090819s19uu sp a 000 0 spa d | ||
| 020 | _a8477823170 | ||
| 040 |
_aDO-SdBNP _bspa _cBNPHU |
||
| 082 |
_axxxx _bS467i |
||
| 100 | 1 |
_aSelles, Manuel _915209 |
|
| 245 | 1 | 0 |
_aInstrumentos de navegación : _bdel Mediterráneo al Pacífico / _cManuel Selles. |
| 260 |
_aMadrid, España : _bMinisterio de Obras Públicas, Transportes y Medio Ambiente, _c[19--?]. |
||
| 300 |
_a145 p. : _bil. ; _c34 cm. |
||
| 500 | _aIncluye índice alfabético | ||
| 504 | _aBibliografía : p. 143 | ||
| 049 | _aBNPD | ||
| 999 |
_c5163 _d5163 |
||